Targeting Development: critical perspectives on the millennium development goals (Record no. 4571)

MARC details
000 -LEADER
fixed length control field 00638nam a22002057a 4500
003 - CONTROL NUMBER IDENTIFIER
control field OSt
005 - DATE AND TIME OF LATEST TRANSACTION
control field 20160630144055.0
008 - FIXED-LENGTH DATA ELEMENTS--GENERAL INFORMATION
fixed length control field 160630b xxu||||| |||| 00| 0 eng d
020 ## - INTERNATIONAL STANDARD BOOK NUMBER
International Standard Book Number 0415394651
040 ## - CATALOGING SOURCE
Transcribing agency DDC
082 ## - DEWEY DECIMAL CLASSIFICATION NUMBER
Classification number 338.9 TAR 2006
100 ## - MAIN ENTRY--PERSONAL NAME
Personal name Edited by Richard Black; Howard, White
9 (RLIN) 9796
245 ## - TITLE STATEMENT
Title Targeting Development: critical perspectives on the millennium development goals
260 ## - PUBLICATION, DISTRIBUTION, ETC. (IMPRINT)
Place of publication, distribution, etc. London; Routledge, 2006
300 ## - PHYSICAL DESCRIPTION
Extent xxiv,360p; ill: 23.5cm
504 ## - BIBLIOGRAPHY, ETC. NOTE
Bibliography, etc Notes, references, & index included
650 ## - SUBJECT ADDED ENTRY--TOPICAL TERM
Topical term or geographic name as entry element Economic development
9 (RLIN) 521
650 ## - SUBJECT ADDED ENTRY--TOPICAL TERM
Topical term or geographic name as entry element Millennium development goals
9 (RLIN) 9797
942 ## - ADDED ENTRY ELEMENTS (KOHA)
Source of classification or shelving scheme Other/Generic Classification Scheme
Koha item type Open Shelf
Holdings
Withdrawn status Lost status Source of classification or shelving scheme Damaged status Not for loan Home library Current library Date acquired Source of acquisition Inventory number Total Checkouts Full call number Barcode Date last seen Koha item type
    Dewey Decimal Classification     MUST Main Library MUST Main Library 30/06/2016   15/39572   338.9 TAR 2006 2016-2888 30/06/2016 Open Shelf
    Dewey Decimal Classification     MUST Main Library MUST Main Library 04/10/2016 Purchase 16/39975   338.9 TAR 2006 2016-4612 04/10/2016 Open Shelf
    Dewey Decimal Classification     MUST Main Library MUST Main Library 04/10/2016 Purchase 16/39976   338.9 TAR 2006 2016-4613 04/10/2016 Open Shelf
    Dewey Decimal Classification     MUST Main Library MUST Main Library 04/10/2016 Purchase 16/39977   338.9 TAR 2006 2016-4614 04/10/2016 Open Shelf
    Dewey Decimal Classification     MUST Main Library MUST Main Library 04/10/2016 Purchase 16/39978   338.9 TAR 2006 2016-4615 04/10/2016 Open Shelf
    Dewey Decimal Classification     MUST Main Library MUST Main Library 04/10/2016 Purchase 16/39979   338.9 TAR 2006 2016-4616 04/10/2016 Open Shelf